header

The image of an Ottoman city (Record no. 249242)

MARC details
000 -LEADER
fixed length control field 01691nam a22003734a 4500
082 04 - DEWEY DECIMAL CLASSIFICATION NUMBER
Classification number 720/.95691/09031
100 1# - MAIN ENTRY--AUTHOR NAME
Personal name Watenpaugh, Heghnar Zeitlian.
245 14 - TITLE STATEMENT
Title The image of an Ottoman city
260 ## - PUBLICATION, DISTRIBUTION, ETC. (IMPRINT)
Place of publication Leiden ;
-- Boston :
Name of publisher Brill,
Year of publication 2004.
300 ## - PHYSICAL DESCRIPTION
Number of Pages xxi, 278 p. :
Other physical details ill.
490 1# - SERIES STATEMENT
Series statement The Ottoman Empire and its heritage,
650 #0 - SUBJECT ADDED ENTRY--TOPICAL TERM
Topical Term Architecture, Ottoman
Topical Term Islamic architecture
Topical Term Architecture and state
Topical Term Architecture and state
856 40 - ELECTRONIC LOCATION AND ACCESS
Uniform Resource Identifier http://site.ebrary.com/lib/rucke/Doc?id=10171652

No items available.

© 2026 Rongo University
Contact us: librarian | system librarian | Rongo university